000 00985nam a22003857a 4500
001 BR8603430
003 BR-BrBNA
005 20230928092306.0
007 ta
008 230509b bl.||||| |||| 00| 0 por d
040 _aBR-BrBNA
_bpor
_cBiblioteca Nacional de Agricultura
041 _a(Por)
072 _aH01
_b3870
_b/G514
090 _ 3870 BR8603430
100 1 _aPalheta, M.
100 1 _aPegado, R.
110 1 _aSecretaria de Estado de Agricultura do Para, Belem (Brasil)
245 1 _aManual de orientacao e utilizacao dos agrotoxicos
260 3 _aBelem, PA (Brasil):
_c1986.
300 _a22 p.
500 _a3 ref.
650 _aAGROTOXICO
650 _aINTOXICACAO
650 _aINSETICIDA
650 _aFORMICIDA
650 _aACARICIDA
650 _aFUNGICIDA
650 _aHERBICIDA
650 _aNEMATICIDA
650 _aTRANSPORTE
650 _aARMAZENAMENTO
650 _aPARA
909 _a202309
_bLucia
_c55
_dLucia Elande
942 _cBK
999 _c38146
_d38146